[Event "38th Olympiad w"]
[Site "Dresden GER"]
[Date "2008.11.13"]
[Round "1"]
[White "Jose Polanco,Ken"]
[Black "Lin Yu Tong,E"]
[Result "1-0"]
[WhiteElo "2028"]
[BlackElo "1487"]
[EventDate "2008.11.13"]

1. d4 d5 2. Nf3 Nf6 3. Bf4 Bf5 4. e3 e6 5. Bd3 Bxd3 6. Qxd3 Nc6 7. O-O Be7
8. h3 h6 9. c3 Qd7 10. Ne5 Nxe5 11. dxe5 Nh7 12. e4 Rd8 13. Be3 Qa4 14. Nd2
c5 15. f4 O-O 16. f5 dxe4 17. Qxe4 Qxe4 18. Nxe4 exf5 19. Nxc5 b6 20. Nb3
Rd3 21. Bd4 Bc5 22. Nxc5 bxc5 23. Bxc5 Ra8 24. Rxf5 Rd5 25. Bd4 a6 26. Raf1
Rd7 27. h4 Rb8 28. b3 Nf8 29. g4 Ne6 30. g5 h5 31. R5f3 g6 32. Be3 Rc8 33.
Bc1 Rc5 34. Re1 Rdd5 35. Ref1 Rd7 36. Re1 Rdd5 37. c4 Rd7 38. Ba3 Rc8 39.
Bd6 Ra8 40. c5 Nd4 41. Rd3 Nf5 42. e6 fxe6 43. Rxe6 Kf7 44. Rf6+ Ke8 45.
Rf8+ 1-0

[Event "38th Olympiad w"]
[Site "Dresden GER"]
[Date "2008.11.13"]
[Round "1"]
[White "Wang Hsin Jung"]
[Black "Munoz,Do"]
[Result "0-1"]
[WhiteElo "1724"]
[BlackElo "1917"]
[EventDate "2008.11.13"]

1. d4 d5 2. c4 e6 3. Nc3 Nf6 4. Nf3 Nbd7 5. Bg5 Be7 6. e3 O-O 7. Bd3 a6 8.
O-O c5 9. cxd5 exd5 10. Rc1 c4 11. Bb1 b5 12. a3 Bb7 13. Qc2 Ne4 14. Bxe7
Qxe7 15. Nd2 f5 16. Ndxe4 dxe4 17. Qe2 Rae8 18. Rfe1 Rf6 19. Qh5 Ref8 20.
Qg5 Qe8 21. Qf4 Qa8 22. Qc7 R8f7 23. Qf4 Rg6 24. h3 Rgf6 25. Bc2 Qf8 26.
Qc7 Nb6 27. Qf4 Nd5 28. Nxd5 Bxd5 29. Qe5 Qd8 30. Bd1 f4 31. Qg5 h6 32. Qh5
Rf5 33. Qe2 f3 34. gxf3 exf3 35. Qf1 Rg5+ 0-1

[Event "38th Olympiad w"]
[Site "Dresden GER"]
[Date "2008.11.13"]
[Round "1"]
[White "Melnik,G"]
[Black "Lyons,K"]
[Result "1-0"]
[WhiteElo "2062"]
[BlackElo "1840"]
[EventDate "2008.11.13"]

1. d4 d5 2. Nf3 f5 3. c4 c6 4. Qc2 Nf6 5. Nbd2 e6 6. g3 g6 7. Bg2 Bg7 8.
O-O O-O 9. b3 Bd7 10. Bb2 Ne4 11. Ne5 Be8 12. f3 Nf6 13. Ba3 dxc4 14. Qxc4
b5 15. Qd3 Rf7 16. Nxf7 Bxf7 17. Rac1 Nd5 18. e4 Ne3 19. Rfe1 Nxg2 20. Kxg2
f4 21. e5 fxg3 22. hxg3 Nd7 23. Bd6 Rc8 24. Qe4 c5 25. Qb7 Bh6 26. f4 g5
27. Ne4 gxf4 28. Qxd7 f3+ 29. Kxf3 Bxc1 30. Rxc1 Qxd7 31. Nf6+ Kg7 32. Nxd7
c4 33. Nc5 cxb3 34. axb3 a5 35. Ra1 Ra8 36. Kf4 Kg6 37. Bc7 a4 38. bxa4
bxa4 39. Rxa4 Rxa4 40. Nxa4 h6 41. Nc5 Kg7 42. Bd6 Kg6 43. d5 exd5 44. e6
Be8 45. Ke5 Bc6 46. Nd3 d4 47. Kxd4 Kf6 48. e7 Ke6 49. Kc5 Be8 50. Nf4+ Kd7
51. Kd5 h5 52. Ke5 Bf7 53. Nd5 Bg6 54. Nf6+ 1-0

[Event "38th Olympiad w"]
[Site "Dresden GER"]
[Date "2008.11.13"]
[Round "1"]
[White "Gloria,S"]
[Black "Kaydanovich,M"]
[Result "0-1"]
[WhiteElo "1562"]
[BlackElo "1855"]
[EventDate "2008.11.13"]

1. d4 d5 2. Nf3 Nc6 3. g3 Nf6 4. Bg2 e6 5. O-O Be7 6. b3 O-O 7. Bb2 a6 8.
c3 Re8 9. Nbd2 Bd6 10. Qc2 e5 11. e4 dxe4 12. Nxe4 Nxe4 13. Qxe4 exd4 14.
Qd3 dxc3 15. Qxc3 f6 16. Rad1 Qe7 17. a3 Bxa3 18. Rfe1 Be6 19. Rxe6 Qxe6
20. Bxa3 Rad8 21. Rxd8 Rxd8 22. Bb2 Rd1+ 23. Bf1 Qe2 24. Qc4+ Qxc4 25. bxc4
Rb1 26. Bc3 Rb3 27. Bxf6 Rxf3 28. Bb2 Rb3 29. Bc1 Nd4 30. Kg2 c5 31. Be3 a5
32. Bxd4 cxd4 33. c5 a4 34. Bc4+ Kf8 35. Bxb3 axb3 36. Kf3 b2 37. Ke4 b1=Q+
38. Kxd4 Ke7 39. f4 Ke6 40. h3 Qb4+ 41. Kd3 Kd5 42. c6 bxc6 43. Ke2 Ke4 44.
h4 Qb2+ 0-1

[Event "38th Olympiad w"]
[Site "Dresden GER"]
[Date "2008.11.13"]
[Round "1"]
[White "Ui Laighleis,G"]
[Black "Rautanen,S"]
[Result "0-1"]
[WhiteElo "1935"]
[BlackElo "1981"]
[EventDate "2008.11.13"]

1. d4 d6 2. Nf3 g6 3. Bg5 Bg7 4. e3 Nf6 5. Nbd2 O-O 6. Bd3 Nbd7 7. O-O Qe8
8. c3 e5 9. Ne4 Nxe4 10. Bxe4 exd4 11. Qc2 dxc3 12. bxc3 Nc5 13. Bd3 Nxd3
14. Qxd3 Qc6 15. Rfc1 Bf5 16. Qd2 Qc4 17. Nd4 Be4 18. Bf4 b6 19. Qb2 a5 20.
Qb5 Bd3 21. Qxc4 Bxc4 22. a4 Rfe8 23. h3 Rac8 24. Nf3 h6 25. Nd2 Bd5 26.
Ra3 g5 27. Bg3 f5 28. Nf1 Bc6 29. Nd2 Be5 30. Nf1 Kf7 31. Bxe5 Rxe5 32. Nd2
Rce8 33. Nb3 Bd7 34. Nd4 Re4 35. Nf3 Rxa4 36. Rb3 Rae4 37. Nd2 R4e7 38. Ra3
Kf6 39. Nc4 Re4 40. Nd2 R4e6 41. Nb3 R6e7 42. Nd2 Bc6 43. Nb3 f4 44. Nd4
Bd7 45. Nc2 Bf5 46. exf4 gxf4 47. Ra4 Bxc2 48. Rxc2 Re1+ 49. Kh2 R1e4 50.
Ra1 Re2 51. Raa2 Rxc2 52. Rxc2 b5 53. Ra2 a4 54. Kg1 Re1+ 55. Kh2 Rc1 56.
Ra3 c5 57. g3 Rc2 58. gxf4 Rxf2+ 0-1

[Event "38th Olympiad w"]
[Site "Dresden GER"]
[Date "2008.11.13"]
[Round "1"]
[White "Puuska,H"]
[Black "Shaughnessy,E"]
[Result "1-0"]
[WhiteElo "2008"]
[BlackElo "1899"]
[EventDate "2008.11.13"]

1. d4 d5 2. Bg5 Nc6 3. Nf3 Bf5 4. c3 Nf6 5. Bxf6 gxf6 6. e3 Qd7 7. Nbd2 e5
8. Bb5 Bg7 9. Nb3 b6 10. Nh4 Be6 11. Na5 bxa5 12. Qa4 Qe7 13. Bxc6+ Bd7 14.
Nf5 Qd8 15. Bxd7+ Qxd7 16. Nxg7+ Ke7 17. Qxd7+ Kxd7 18. Nf5 Rhg8 19. Ng3
Rg5 20. Rd1 h5 21. h4 Rg4 22. dxe5 Ke6 23. exf6 c6 24. Nxh5 Rh8 25. Nf4+
Kxf6 26. g3 Ke5 27. Rd4 Rgg8 28. Ke2 Rb8 29. b3 Kd6 30. Rhd1 Ke5 31. c4 a4
32. Nd3+ Kd6 33. c5+ Kc7 34. Rxa4 Rb7 35. Rf4 Kb8 36. Ne5 Rc7 37. Rxf7 Rxf7
38. Nxf7 Rh7 39. Ne5 Kc7 40. Rd4 Rh5 41. Nf3 a6 42. g4 Rh6 43. g5 Rh8 44.
g6 Rh6 45. Rg4 Rh8 46. g7 Rg8 47. h5 d4 48. Nxd4 Kd7 49. h6 Ke7 50. h7 Rxg7
51. Rxg7+ Kf6 52. h8=Q a5 53. Qh6+ 1-0

[Event "38th Olympiad w"]
[Site "Dresden GER"]
[Date "2008.11.13"]
[Round "1"]
[White "Mudongo,B"]
[Black "Pasku,R"]
[Result "0-1"]
[WhiteElo "1917"]
[BlackElo "1883"]
[EventDate "2008.11.13"]

1. e4 d6 2. d4 Nf6 3. Nc3 g6 4. Nf3 Bg4 5. Be2 Bg7 6. h3 Bxf3 7. Bxf3 O-O
8. O-O c6 9. Be3 Nbd7 10. Qd2 Qc7 11. a4 a6 12. a5 b5 13. axb6 Nxb6 14. Qd3
a5 15. Ra2 Rfb8 16. b3 e6 17. Na4 Nbd7 18. c4 Ne8 19. Rc1 Qb7 20. Rb1 Nc7
21. Bd2 Qa7 22. Bc3 Rb7 23. Qd2 h5 24. e5 d5 25. Rab2 Bf8 26. Qg5 Bg7 27.
Qe7 Ne8 28. Qg5 Rab8 29. Qd2 Ra8 30. Ra2 Qb8 31. Bd1 dxc4 32. Rab2 cxb3 33.
Rxb3 Rb5 34. R3b2 Nc7 35. Be2 Rxb2 36. Rxb2 Qa7 37. Qd1 Nd5 38. Be1 Bf8 39.
Rc2 c5 40. dxc5 Nxc5 41. Nxc5 Bxc5 42. Qa1 Bd4 43. Qa4 Bxe5 44. Bf3 Qd4 45.
Qc6 Rd8 46. Bxa5 Qa1+ 0-1

[Event "38th Olympiad w"]
[Site "Dresden GER"]
[Date "2008.11.13"]
[Round "1"]
[White "Shabanaj,A"]
[Black "Sabure,O"]
[Result "1-0"]
[WhiteElo "1990"]
[BlackElo "1641"]
[EventDate "2008.11.13"]

1. d4 Nf6 2. Nf3 d6 3. c4 g6 4. Nc3 Bg7 5. Bg5 O-O 6. e4 Nbd7 7. Be2 c6 8.
O-O Qc7 9. Rc1 Re8 10. Re1 e5 11. d5 Nc5 12. Bxf6 Bxf6 13. b4 Nd7 14. dxc6
Qxc6 15. Nb5 Be7 16. Qd3 Nf6 17. Nc3 Qb6 18. a3 Be6 19. c5 dxc5 20. Na4 Qc6
21. Nxc5 Bxc5 22. Rxc5 Qxe4 23. Rxe5 Qf4 24. g3 Qh6 25. Rb5 b6 26. Bf1 Red8
27. Qe3 Qxe3 28. fxe3 Bd5 29. Bg2 Rac8 30. a4 Rc2 31. a5 Bc6 32. Re5 Ng4
33. Re7 bxa5 34. bxa5 Ra8 35. Rc7 Ne5 36. Rxc6 Nxc6 37. Nd4 Rxg2+ 38. Kxg2
Nxa5 39. Kf3 Kg7 40. Rc1 Nb7 41. e4 a5 42. e5 Ra6 43. e6 fxe6 44. Rc7+ Kf6
45. Rxb7 e5 46. Nc2 h6 47. Rb5 a4 48. Nb4 Ra8 49. Rb6+ Kf5 50. g4+ Kg5 51.
Kg3 h5 52. h4+ Kh6 53. g5+ Kg7 54. Na2 a3 55. Rb3 Ra4 56. Re3 e4 57. Kf4
Kf7 58. Ke5 Ke7 59. Rc3 Kd7 60. Kf6 Ra6+ 61. Kf7 Re6 62. Rxa3 Re7+ 63. Kf6
e3 64. Ra7+ 1-0

[Event "38th Olympiad w"]
[Site "Dresden GER"]
[Date "2008.11.13"]
[Round "1"]
[White "Ramirez M.,E"]
[Black "Naipal,V"]
[Result "1/2-1/2"]
[WhiteElo "2016"]
[BlackElo "1790"]
[EventDate "2008.11.13"]

1. e4 e5 2. Nf3 Nc6 3. Nc3 Nf6 4. Bb5 Bb4 5. Bxc6 dxc6 6. d3 Nd7 7. Bd2 O-O
8. Qe2 Re8 9. a3 Bd6 10. h4 Nf8 11. Ng5 f6 12. Nh3 Ne6 13. Be3 Qe7 14. Qd2
Bd7 15. Ne2 c5 16. Ng3 Nd4 17. Qd1 Be6 18. Bxd4 cxd4 19. f3 Qd7 20. Nf2 c5
21. Ng4 c4 22. dxc4 Bxc4 23. Nf5 h5 24. Nf2 Bf8 25. b3 Be6 26. Ng3 g6 27.
O-O Rac8 28. Nd3 Rc7 29. a4 Rec8 30. Rf2 Bh6 31. Nf1 a5 32. g3 Rc6 33. f4
Bg4 34. Qb1 Qe6 35. fxe5 fxe5 36. Ra2 R8c7 37. Qe1 Bg7 38. Nh2 Qc8 39. Nxg4
Qxg4 40. Kh2 g5 41. Qe2 Qxe2 42. Rxe2 gxh4 43. gxh4 Bf6 44. b4 b6 45. Rg2+
Kh7 46. bxa5 bxa5 47. Rb2 Rc4 48. Kh3 Rxa4 49. Rb6 Bh8 1/2-1/2

[Event "38th Olympiad w"]
[Site "Dresden GER"]
[Date "2008.11.13"]
[Round "1"]
[White "Matoussi,Amina"]
[Black "Solomons,A"]
[Result "0-1"]
[WhiteElo "1761"]
[BlackElo "1908"]
[EventDate "2008.11.13"]

1. e4 e5 2. Nf3 Nc6 3. d4 exd4 4. Bc4 Be7 5. c3 dxc3 6. Qd5 Nh6 7. Bxh6 O-O
8. Bc1 Nb4 9. Qd1 c2 10. Qd2 cxb1=Q 11. Rxb1 Nc6 12. a3 d6 13. Qf4 Bf6 14.
h4 Qe7 15. Ng5 Ne5 16. Be2 Re8 17. f3 d5 18. Kf1 Ng6 19. Qh2 dxe4 20. Nxe4
Bf5 21. Bd3 Rad8 22. Bc2 Bxe4 23. Bxe4 Rd1+ 24. Ke2 Rxh1 25. Qxh1 Bxh4 26.
Be3 f5 27. Bxf5 Qxe3+ 28. Kd1 Qe2+ 0-1

[Event "38th Olympiad w"]
[Site "Dresden GER"]
[Date "2008.11.13"]
[Round "1"]
[White "Mezioud,A"]
[Black "Lim,H"]
[Result "1-0"]
[WhiteElo "2028"]
[BlackElo "1566"]
[EventDate "2008.11.13"]

1. e4 c5 2. Nf3 Nc6 3. d4 cxd4 4. Nxd4 Nf6 5. Nc3 e5 6. Ndb5 d6 7. Bg5 a6
8. Na3 b5 9. Nd5 Be7 10. Nxe7 Nxe7 11. Bxf6 gxf6 12. Qd2 O-O 13. O-O-O Bb7
14. Bd3 d5 15. exd5 Bxd5 16. Qh6 e4 17. Bxe4 f5 18. Qg5+ Kh8 19. Bxd5 Nxd5
20. Qxf5 b4 21. Rxd5 Qb6 22. Nc4 Qh6+ 23. Ne3 Qg6 24. Qf4 Rad8 25. Qd4+ 1-0

[Event "38th Olympiad w"]
[Site "Dresden GER"]
[Date "2008.11.13"]
[Round "1"]
[White "You Garam"]
[Black "Hamza,A"]
[Result "0-1"]
[WhiteElo "1511"]
[BlackElo "1880"]
[EventDate "2008.11.13"]

1. e4 e6 2. d4 d5 3. Nc3 Nf6 4. Bd3 c5 5. dxc5 dxe4 6. Nxe4 Nxe4 7. Bxe4
Qxd1+ 8. Kxd1 Bxc5 9. Be3 Na6 10. Bd3 Bxe3 11. fxe3 Nc5 12. Nf3 Bd7 13. Ne5
Nxd3 14. Nxd3 Bc6 15. Rg1 Rd8 16. Ke2 Bb5 17. Rad1 Ke7 18. Kf2 Rc8 19. Rd2
Rhd8 20. Rgd1 Bxd3 21. cxd3 e5 22. Kf3 Rd5 23. d4 Rcd8 24. e4 Rxd4 0-1

[Event "38th Olympiad w"]
[Site "Dresden GER"]
[Date "2008.11.13"]
[Round "1"]
[White "Smith,O"]
[Black "Corbin,R"]
[Result "1-0"]
[WhiteElo "1961"]
[BlackElo "1876"]
[EventDate "2008.11.13"]

1. e4 e5 2. Nf3 Nc6 3. Bc4 Bc5 4. c3 Nf6 5. d3 d6 6. a4 a6 7. O-O O-O 8.
Nbd2 Bg4 9. h3 Bd7 10. Re1 Qc8 11. Nf1 h6 12. Ng3 Re8 13. d4 exd4 14. cxd4
Ba7 15. e5 dxe5 16. dxe5 Nh7 17. Qc2 Nd4 18. Nxd4 Bxd4 19. Bxf7+ Kxf7 20.
Qc4+ Be6 21. Qxd4 Re7 22. Ra3 Kg8 23. Nh5 Qe8 24. Nf4 Rd8 25. Qb4 Bc8 26.
Qc4+ Kh8 27. Rg3 Nf8 28. Qc3 Qxa4 29. Qf3 Qe8 30. Qe4 c6 31. b3 b6 32. Bb2
Be6 33. Qb4 Rb8 34. Bc1 1-0

[Event "38th Olympiad w"]
[Site "Dresden GER"]
[Date "2008.11.13"]
[Round "1"]
[White "Munoz,Ca"]
[Black "Elfelo,K"]
[Result "1-0"]
[WhiteElo "2026"]
[BlackElo "1875"]
[EventDate "2008.11.13"]

1. e4 c5 2. Nc3 d6 3. g3 Nf6 4. Bg2 Be6 5. f4 Nc6 6. f5 Bd7 7. Nf3 e6 8.
fxe6 Bxe6 9. O-O Be7 10. d3 O-O 11. Kh1 Re8 12. Ne2 Qd7 13. Nf4 Rad8 14.
Nxe6 Qxe6 15. Ng5 Qg4 16. Qxg4 Nxg4 17. Nxf7 Rd7 18. Bh3 h5 19. Ng5 Bxg5
20. Bxg5 Rf7 21. Rxf7 Kxf7 22. Rf1+ Kg6 23. Bf4 Re6 24. a3 Rf6 25. Kg2 Nd4
26. c3 Nc2 27. Bxg4 hxg4 28. Rc1 Nxa3 29. bxa3 b5 30. Rb1 a6 31. a4 bxa4
32. Ra1 Kf7 33. Rxa4 d5 34. exd5 Rb6 35. Be5 Rb2+ 36. Kf1 Rb6 37. Rxg4 g6
38. Ra4 Re6 39. dxe6+ Kxe6 40. Ra1 g5 41. Ke1 1-0